| 000 | nam a22 a 4500 | ||
|---|---|---|---|
| 999 |
_c61671 _d61671 |
||
| 003 | BLK | ||
| 005 | 20221208110437.0 | ||
| 008 | 180408b bul|||||r ||||||| ||bul|| | ||
| 010 | _aKNG00065875000 | ||
| 040 | _aBLK | ||
| 041 |
_aBUL _cBUL |
||
| 080 |
_aТехника. Технически науки _b62 _x(035) _z62(035) |
||
| 080 |
_aМатематика _b51 _x(035) _z51(035) |
||
| 100 | 1 |
_aКисьов, Иван Дафинов _eпърви автор _9261234 |
|
| 139 |
_aКисьов, Иван Дафинов _bК 60 |
||
| 245 | 1 | 0 |
_aНаръчник на инженера _bЧ. 1 - _cИван Дафинов Кисьов. _nЧ. 1 _pМатематика |
| 250 | _a4. изд. | ||
| 257 | _aBGR | ||
| 260 |
_bТехника _c1979 - _aСофия |
||
| 300 | _c25 см | ||
| 380 | _a62 | ||
| 504 | _a563 | ||
| 650 | 4 |
_aТехника _9173585 |
|
| 650 | 4 |
_aМатематика _9161297 |
|
| 653 | _aтехника | ||
| 653 | _aматематика | ||
| 760 | 1 |
_aКисьов, Иван Дафинов _b4. изд. _h572 с. : с черт., табл. _n1. изд. 1952. - Библиогр. с. 563 ; Азб. показалец _tЧ. 1 Математика |
|
| 852 |
_aЦб 99960 _bЦб |
||
| 856 | 4 |
_qpdf _i0.00 _ldisable |
|
| 856 | 4 |
_qpdf _i0.00 _ldisable |
|
| 942 |
_cKNG _n0 _s1 |
||
| 944 |
_aCR _c13.06.2004 _kМилена_Ачева |
||
| 944 |
_aED _c17.06.2009 |
||
| 944 |
_aED _c2022-12-08 |
||
| 999 | _d61671 | ||